| 000 | 00942cam a22002775a 4500 | ||
|---|---|---|---|
| 001 | 16310438 | ||
| 005 | 20250723083433.0 | ||
| 008 | 100630t2011 njua frb 001 0 eng d | ||
| 020 | _a9780470248485 | ||
| 020 | _a0470248483 | ||
| 040 |
_aDLC _cDLC _dYDX _dYDXCP _dCDX _dDLC _dEG-ScBUE _beng |
||
| 082 | 0 | 4 |
_a622.3382 _222 _bHEI |
| 100 | 1 | _aHeidersbach, Robert. | |
| 245 | 1 | 0 |
_aMetallurgy and corrosion control in oil and gas production / _cRobert Heidersbach. |
| 260 |
_aHoboken : _bJohn Wiley & Sonsm INC. Publication, _cc.2011. |
||
| 300 |
_axiv, 281 p. : _bill. ; _c29 cm. |
||
| 490 | 0 | _aWiley series in corrosion. | |
| 500 | _aIndex : p. 270-281. | ||
| 504 | _aIncludes bibliographical references. | ||
| 650 | 0 |
_aOil fields _xEquipment and supplies. _2BUEsh |
|
| 650 | 7 |
_aMetallurgy. _2BUEsh _93125 |
|
| 650 | 0 |
_aCorrosion and anti-corrosives. _2BUEsh |
|
| 651 | _2BUEsh | ||
| 653 |
_bENGPET _cAugust2015 _cDecember2015 |
||
| 942 | _2ddc | ||
| 999 |
_c20701 _d20673 |
||